Statistiques concernant les pays ayant appartenus à l'Espagne

Cliquez ici pour prendre le quiz!

Statistiques générales

  • Ce quiz a été pris 73 fois
    (67 depuis la dernière actualisation)
  • Le résultat moyen est 42 sur 72

Statistiques - réponses

HintRéponse% Correct
11Colombie
96%
30Mexique
96%
18France
95%
41Portugal
95%
24Italie
93%
3Argentine
91%
28Maroc
91%
6Bolivie
89%
10Chili
89%
15Équateur
88%
48Venezuela
88%
17États-Unis
86%
47Uruguay
86%
1Algérie
84%
2Andorre
84%
12Costa Rica
84%
35Panama
84%
13Cuba
82%
37Paraguay
82%
39Pérou
82%
55Brésil
81%
33Nicaragua
81%
38Pays-Bas
81%
19Guatemala
79%
22Honduras
79%
5Belize
77%
46Tunisie
77%
9Canada
75%
42République Dominicaine
75%
43Salvador
75%
4Belgique
74%
21Haïti
70%
25jamaïque
65%
69Chine
63%
63Suisse
63%
14Dominique
61%
23Indonésie
60%
45Trinité-et-Tobago
60%
71Inde
58%
57Guinée
56%
40Philippines
56%
64Autriche
54%
16Espagne
54%
20Guinée équatoriale
49%
27Luxembourg
47%
65Slovénie
47%
53Angola
44%
66Croatie
44%
62République Tchèque
42%
67Hongrie
39%
68Slovaquie
39%
54Mozambique
37%
61Pologne
37%
70Sri Lanka
35%
36Papouasie-Nouvelle-Guinée
33%
52Namibie
30%
7Brunei
28%
51côte d'ivoire
28%
50Ghana
28%
34Palaos
28%
59Iran
26%
31Micronésie
26%
58Oman
26%
44Taïwan
26%
49
Sierra Leone
25%
56Libéria
25%
26Kiribati
23%
32Nauru
23%
29Marshall
21%
60Qatar
18%
8Cambodge
16%
72Timor Orientale
2%

Distribution des résultats

Percentile par nombre de réponses

% des personnes avec chaque résultat

Votre développement - résultats

Vous n’avez pas pris ce quiz depuis la dernière actualisation